000 00662cam a2200193 a 4500
020 _a9780470118573
050 0 0 _aGE70
_b.R38 2010
100 1 _aRaven, Peter H.
245 1 0 _aEnvironment /
_cPeter H. Raven, Linda R. Berg, David M. Hassenzahl.
250 _a7th ed.
260 _aHoboken, N.J. :
_bJ. Wiley & Sons, c2010.
300 _axx, 589, A1-12, G1-16, T1-2, I1-16 p. :
500 _aFold-out data sheet inserted.
700 1 _aBerg, Linda R.
700 1 _aHassenzahl, David M.
856 4 2 _uhttp://www.loc.gov/catdir/enhancements/fy1008/2010290915-d.html
856 4 1 _uhttp://www.loc.gov/catdir/enhancements/fy1008/2010290915-t.html
942 _cGEN
999 _c3816
_d3816